Jaką ocenę ogólną ma ta karta w FIFA 21 - Statystyki

Ogólne statystyki
  • Ten quiz został rozwiązany 672 razy
  • Średni wynik to 8 z 15
Statystyki odpowiedzi
Zagadnienie Odpowiedź % Poprawnych
Matthijs De Ligt 85
87%
Kalidou Koulibaly 88
72%
Clement Lenglet 85
70%
Nélson Semedo 83
65%
Kamil Glik 75
64%
Harry Kane 88
53%
Theo Hernández 80
50%
Antonio Rüdiger 81
49%
Martin Braithwaite 76
45%
Radamel Falcao 80
41%
Jesse Lingard 77
40%
Ricardo Quaresma 79
36%
Lars Bender 82
35%
James Tavenier 75
28%
Joe Hart 76
25%
Nie znaleziono quizów pasujących do podanych kryteriów
Rozkład punktacji
Procent ludzi z każdym wynikiem
Percentyl według liczby udzielonych odpowiedzi
Twoja historia wyników
Nie rozwiązałeś tego quizu